Statistics for Women's tennis: Top Wimbledon Winners (Open Era)

Click here to take the quiz!

General Stats

  • This quiz has been taken 991 times
    (777 since last reset)
  • The average score is 6 of 8

Answer Stats

Hint Answer % Correct
7Steffi Graf
95%
9Martina Navratilova
92%
7Serena Williams
90%
5Venus Williams
90%
3Chris Evert
79%
4Billie Jean King
70%
2Petra Kvitova
48%
2Evonne Goolagong
42%

Score Distribution

Percentile by Number Answered

Percent of People with Each Score

Your Score History

You have not taken this quiz since the last reset